Egy reményteli szék

Bibliographic Details
Main Author: Tallósi, Béla, 1958- (Author)
Format: Article
Language:Hungarian
ISSN:1335-7050
Subjects:

MARC

LEADER 00000nab a2200000 ar4500
001 vtls009185471
003 SK-MaSNL
005 20260319070831.0
008 080214c20080209xo |||||||| 000 b|hun
015 |a SNBRB2008/02  |2 snkbucl 
038 |a SNKBUCL 
040 |a DSZK  |b slo  |c DSZK  |e AACR2 
041 0 |a hun 
044 |a xo  |c SK 
080 |a 821.511.141 (437.6)-92=511.141  |2 1997 
100 1 |a Tallósi, Béla,  |d 1958-  |4 aut 
245 1 0 |a Egy reményteli szék  |c Tallósi Béla 
650 0 7 |a publicistické črty, maďarské  |2 snkbucl  |9 1034428 
773 0 |t Új szó  |g Évf. 61, sz. 34 (9.2.2008), o. 7  |x 1335-7050 
852 |a SNK  |b KIS3GCP 
852 |a DSZK  |b KIS3GCP 
958 |a HU 
958 |a SK 
958 |a LX 
999 |c 1723319  |d 1725249